| 000 | 00556nam a2200193 a 4500 | ||
|---|---|---|---|
| 005 | 20140310183450.0 | ||
| 008 | 090120s19uu xx 00 eng d | ||
| 020 | _a1422101878 | ||
| 050 |
_aHD 69.P75 _b.P623 2006 |
||
| 245 |
_aManaging projects : _bexpert solutions to everyday challenges. / |
||
| 260 |
_aBoston, Massachusetts : _bHarvard Business School Publishing, _c2006. |
||
| 300 |
_a100 p. : _bill. ; _c19 cm. |
||
| 521 | _aBSBA | ||
| 650 | _aBSBA. | ||
| 650 | _aProject management. | ||
| 942 |
_cBK _2lcc _kFOR |
||
| 999 |
_c23382 _d23382 |
||